000 01003nam a2200313 i 4500
003 EG-GICUC
005 20260221095520.0
008 260114s1993 ua |||fr|||| 00| 0 ara d
040 _a EG-GICUC
_bara
_c EG-GICUC
_d EG-GICUC
_erda
041 0 _aAra
082 0 4 _221
_a343.7
_bع م . ع
092 0 4 _221
099 _aLaw1 10 343.7 ع م . ع 1993
100 0 _aعمر سالم
_eمؤلف.
245 1 0 _aعلم العقاب /
_cتأليف د.عمر سالم.
264 2 _aجامعة القاهرة :
_bمكتبة النصر،
_c1993.
300 _a228 صفحة؛
_c24 سم.
336 _2rda content
_atext
337 _2rda media
_aComputer
338 _2rda carrier
_aOnline Resource
500 _a
546 _aالنص باللغة العربية
650 1 _aعلم العقاب
_2qrmak
650 1 _aالقانون الجنائى
_2qrmak
651 1 _2qrmak
856 4 0 _uhttps://fll.law.cu.edu.eg/fulltext/bks/B10-07492.pdf
905 _a54
_eYara
942 _2ddc
_cBK
_e21
_n0
999 _c56977
_d56977